00984naa#a2200181#i#4500001001600000005001700016011001400033100004100047102000700088200027400095210011900369215001000488608004500498675012500543700005800668700005200726856002400778RU\\bibl\12185520260511223356.1##a2658-638X##a20251215b2025####ek#y0rusy0150####ca##aRU1#aФормирование режима дня как средство физического воспитания курсантов и слушателей в образовательных организациях МВД РоссииeЖурнальная статья1#aМоскваcМосковский университет МВД России имени В.Я. Кикотяd2025##a3 с.##aЖурнальная статья2local##aНародное образование. Воспитание. Обучение. Организация досуга. 37#1aТихомировgСергей Николаевич#1aМарченкоgИван Николаевич4#amosumvd.editorum.ru